100 największych miast w w Wielkiej Brytanii! - Statystyki

Ogólne statystyki
  • Ten quiz został rozwiązany 1 325 razy
    1 299 od ostatniego zresetowania
  • Średni wynik to 30 z 100
Statystyki odpowiedzi
Nr Miasta Kraje Ludność % Poprawnych
1 Londyn / London Anglia 8,907,918
99%
4 Liverpool Anglia 579,256
92%
6 Manchester Anglia 554,400
92%
3 Glasgow Szkocja 612,040
89%
2 Birmingham Anglia 1,153,717
87%
9 Edynburg / Edinburgh Szkocja 488,050
84%
13 Cardiff Walia 350,558
79%
8 Leeds Anglia 503,388
74%
14 Belfast Irlandia Północna 328,937
73%
19 Southampton Anglia 269,231
64%
5 Bristol Anglia 571,922
62%
7 Sheffield Anglia 544,402
62%
10 Leicester Anglia 470,965
60%
42 Oxford Anglia 163,967
60%
33 Swansea Walia 184,436
54%
22 Brighton Anglia 241,999
53%
23 Plymouth Anglia 241,179
53%
47 Cambridge Anglia 149,023
52%
31 Norwich Anglia 195,761
52%
43 York Anglia 161,994
51%
26 Luton Anglia 222,907
50%
29 Aberdeen Szkocja 200,680
49%
30 Bournemouth Anglia 198,727
46%
20 Derby Anglia 263,933
46%
27 Wolverhampton Anglia 218,255
46%
21 Portsmouth Anglia 248,479
45%
11 Coventry Anglia 369,127
44%
45 Ipswich Anglia 150,334
43%
50 Blackpool Anglia 145,722
41%
17 Newcastle upon Tyne Anglia 281,842
41%
38 Sunderland Anglia 175,031
41%
15 Nottingam / Notingham Anglia 311,823
39%
25 Reading Anglia 229,274
35%
12 Bradford Anglia 361,046
34%
52 Watford Anglia 140,902
34%
48 Dundee Szkocja 148,280
33%
36 Middlesbrough Anglia 176,991
33%
24 Northampton Anglia 229,815
33%
28 Bolton Anglia 202,369
32%
58 Exeter Anglia 123,379
32%
60 Blackburn Anglia 119,707
31%
99 Chester Anglia 87,593
31%
40 Huddersfield Anglia 170,269
28%
16 Kingston upon Hull Anglia 288,671
28%
54 Colchester Anglia 134,176
27%
55 Newport Walia 133.353
27%
37 Peterborough Anglia 175,680
27%
18 Stoke-on-Trent Anglia 277,051
27%
84 Bath Anglia 101,106
25%
78 Lincoln Anglia 105,447
25%
66 Doncaster Anglia 114,900
22%
49 Gloucester Anglia 146,667
22%
34 Milton Keynes Anglia 184,105
22%
79 Oldham Anglia 105,402
22%
32 Swindon Anglia 191,314
21%
44 Poole Anglia 158,762
20%
85 Preston Anglia 99,198
20%
77 Wigan Anglia 106,686
19%
82 Worcester Anglia 103,769
19%
35 Southend-on-Sea Anglia 183,809
18%
95 Chesterfield Anglia 89,181
17%
41 Slough Anglia 164,046
16%
100 St Albans Anglia 86,961
15%
65 Basildon Anglia 115,269
14%
87 Barnsley Anglia 96,878
13%
97 Grimsby Anglia 88,500
13%
93 Halifax Anglia 91,338
13%
81 St Helens Anglia 104,641
13%
51 Birkenhead Anglia 144,756
12%
64 Salford Anglia 116,361
12%
73 Stockport Anglia 110,000
12%
39 Warrington Anglia 172,068
12%
69 Eastbourne Anglia 113,646
11%
86 Rayleigh Anglia 98,809
10%
46 Telford Anglia 149,377
10%
92 Bedford Anglia 92,405
9%
63 Chelmsford Anglia 116,997
9%
61 Cheltenham Anglia 117,843
9%
89 Hastings Anglia 93,592
9%
72 Rotherham Anglia 110,751
9%
53 Sale Anglia 137,915
9%
90 Southport Anglia 93,426
9%
80 Wakefield Anglia 104,757
9%
70 Crawley Anglia 111,856
8%
74 Gillingham Anglia 108,880
8%
57 High Wycombe Anglia 124,073
8%
67 Basingstoke Anglia 114,329
7%
76 Working Anglia 107,611
7%
62 Maidstone Anglia 117,626
6%
56 Solihull Anglia 127,289
6%
68 Worthing Anglia 114,212
6%
91 Darlington Anglia 92,988
5%
59 Gateshead Anglia 122,088
5%
94 Hartlepool Anglia 89,610
5%
71 Rochdale Anglia 111,733
5%
88 Stevenage Anglia 93,944
5%
98 Weston-super-Mare Anglia 87,983
5%
83 Hemel Hempstead Anglia 101,849
4%
96 Nuneaton Anglia 89,001
3%
75 Sutton Coldfield Anglia 108,330
3%
Nie znaleziono quizów pasujących do podanych kryteriów
Rozkład punktacji
Procent ludzi z każdym wynikiem
Percentyl według liczby udzielonych odpowiedzi
Twoja historia wyników
Nie rozwiązałeś tego quizu od ostatniego zresetowania